BFDI Contestants Sprint - Statistics

General Stats
  • This quiz has been taken 109 times
  • The average score is 13 of 21
Answer Stats
Answer % Correct
Firey
89%
Leafy
85%
Pen
85%
Pin
85%
Blocky
74%
Bubble
74%
Eraser
70%
Pencil
70%
Spongy
70%
Flower
65%
Woody
61%
Rocky
59%
Coiny
57%
Tennis Ball
57%
Golf Ball
54%
David
52%
Match
50%
Ice Cube
46%
Needle
46%
Teardrop
43%
Snowball
33%
No matching quizzes found
Score Distribution
Percent of People with Each Score
Percentile by Number Answered
Your Score History
You have not taken this quiz